000 00887nam a2200229 4500
001 59987
003 ES-MaACL
005 20250531195927.0
007 t|
008 031031s1935 sp ||||1| spa d
080 _a78 Arriaga, Juan Crisóstomo de
100 1 _aArriaga Igartua, José de.
_9143238
245 1 4 _aLos esclavos felices /
_cJuan de Eresalde ; ópera de J.C. de Arriaga ; antecedentes, comentarios... prólogo de José Subirá ; síntesis de Ángel de Ugarte Revenga ; música de Arriaga ; cubierta de José Arrue.
260 _aBilbao :
_b[s.n.],
_c1935 (
_fImp. "Mayli")
300 _a140 p. ;
_c28 cm.
700 1 _aArriaga, Juan Crisóstomo de.
_9139120
700 1 _aUgarte-Revenga, Angel de.
_9111899
700 1 _aSubirá, José,
_d1882-1980
_9108686
700 1 _aArrue, José (
_d1885-1977)
_923393
852 _aES-MaACL
_j1766-F-23
999 _c59987
_d59987